The Structure of nineteenth century cities /

Bibliographic Details
Other Authors: Johnson, James Henry, 1930-, Pooley, Colin G.
Format: Book
Language:English
Published: London : New York : C. Helm ; St. Martin's Press, 1982.
Subjects:

MARC

Tag First Indicator Second Indicator Subfields
LEADER 00000pam a2200000 a 4500
001 in00000096678
005 20150924084820.0
008 811120s1982 enka b 00100 eng
010 |a  81021280  
020 |a 0312767811 :  |c $32.50 
020 |a 0709914121 (London) 
035 |a (OCoLC)07998138 
035 |9 AAK8812AM 
039 0 |a 2  |b 3  |c 3  |d 3  |e 3 
040 |a DLC  |c DLC  |d TXA  |d UtOrBLW 
043 |a e-uk--- 
049 |a TXAM  |c [952361] 
050 0 0 |a HT133  |b .S85 1982 
082 0 |a 307.7/6/0941  |2 19 
245 0 4 |a The Structure of nineteenth century cities /  |c edited by James H. Johnson and Colin G. Pooley. 
264 1 |a London :  |b C. Helm ;  |a New York :  |b St. Martin's Press,  |c  1982. 
300 |a 312 pages :  |b illustrations ;  |c 23 cm. 
336 |a text  |b txt  |2 rdacontent 
337 |a unmediated  |b n  |2 rdamedia 
338 |a volume  |b nc  |2 rdacarrier 
504 |a Includes bibliographies and index. 
650 0 |a Cities and towns  |z Great Britain  |x History  |y 19th century. 
700 1 |a Johnson, James Henry,  |d 1930- 
700 1 |a Pooley, Colin G. 
999 |a MARS 
999 f f |s a44f82c4-b63a-3961-ba73-b9f00ba3d14a  |i c118c1ce-7cf3-3a3d-becc-1123007f3a9b  |t 0 
952 f f |p ric  |a Texas A&M University  |b Rellis Campus  |c Joint Library Facility  |d Remote Storage  |t 0  |e HT133 .S85 1982  |h Library of Congress classification  |i unmediated -- volume  |m A14806025843 
998 f f |a HT133 .S85 1982  |t 0  |l Remote Storage